[Event "Outaouais op U1900"]
[Site "Gatineau"]
[Date "2015.06.06"]
[Round "3"]
[White "Poirier, Martin"]
[Black "Zhou, Jiehan"]
[Result "1-0"]
[WhiteElo "1517"]
[BlackElo "1755"]
[PlyCount "83"]
[EventDate "2015.06.05"]
[EventType "swiss"]
[EventRounds "5"]
[EventCountry "CAN"]
[SourceTitle "EXT 2019"]
[Source "ChessBase"]
[SourceDate "2018.10.10"]
[SourceVersion "1"]
[SourceVersionDate "2018.10.10"]
[SourceQuality "1"]

1. d4 Nf6 2. c4 g6 3. Nc3 d5 4. e3 c6 5. Nf3 Bg7 6. Be2 0-0 7. Bd2 Re8 8. Qb3 e6 9. 0-0-0 dxc4 10. Bxc4 b5 11. Be2 a5 12. Ne5 a4 13. Qc2 Nfd7 14. f4 Nxe5 15. fxe5 Bd7 16. Bf3 Ra7 17. Ne4 Qb6 18. Bb4 Na6 19. Bc5 Nxc5 20. Nxc5 Rc8 21. Rd3 Be8 22. Kd2 Kf8 23. Rf1 Ke7 24. Bg4 Bd7 25. Ke1 Rf8 26. Bf3 f6 27. exf6+ Bxf6 28. Rc3 Rc7 29. Nxd7 Kxd7 30. Ke2 Be7 31. a3 Qa6 32. Kf2 b4 33. axb4 Bxb4 34. Rc4 Rb8 35. Rc1 Rb6 36. d5 c5 37. dxe6+ Ke7 38. Qe4 Rxe6 39. Qh4+ Kf8 40. Qd8+ Re8 41. Qxc7 Qf6 42. Rf4 1-0

[Event "Outaouais op U1900"]
[Site "Gatineau"]
[Date "2015.06.06"]
[Round "2"]
[White "Zhou, Jiehan"]
[Black "Danilov, Alex"]
[Result "1/2-1/2"]
[WhiteElo "1755"]
[BlackElo "1787"]
[PlyCount "130"]
[EventDate "2015.06.05"]
[EventType "swiss"]
[EventRounds "5"]
[EventCountry "CAN"]
[SourceTitle "EXT 2019"]
[Source "ChessBase"]
[SourceDate "2018.10.10"]
[SourceVersion "1"]
[SourceVersionDate "2018.10.10"]
[SourceQuality "1"]

1. e4 c5 2. Nf3 e6 3. d4 cxd4 4. Nxd4 Nc6 5. Bc4 Nf6 6. Nxc6 bxc6 7. Nd2 Bb4 8. c3 Bd6 9. 0-0 0-0 10. Re1 Qc7 11. Nf3 Ng4 12. h3 Bh2+ 13. Kf1 Ne5 14. Nxh2 Nxc4 15. Kg1 d5 16. b3 Nb6 17. e5 Nd7 18. Qh5 f6 19. f4 fxe5 20. fxe5 Ba6 21. Nf3 Rf5 22. Ng5 Nf8 23. Nxe6 Qb6+ 24. Be3 Rxh5 25. Bxb6 axb6 26. Nc7 Ra7 27. e6 Nxe6 28. Nxa6 Rxa6 29. Rxe6 Rh6 30. Rxh6 gxh6 31. Kf2 Kf7 32. Ke3 c5 33. Rf1+ Kg6 34. Rf2 b5 35. Re2 Re6+ 36. Kf3 Rf6+ 37. Kg3 Rd6 38. Kf4 Kf6 39. g4 Kg6 40. a4 bxa4 41. bxa4 Ra6 42. Ra2 Ra5 43. h4 Kf6 44. g5+ hxg5+ 45. hxg5+ Kg6 46. Ke5 d4 47. cxd4 cxd4+ 48. Kxd4 Kxg5 49. Kc4 h5 50. Kb4 Ra8 51. a5 h4 52. Kb5 h3 53. Kb6 Kg4 54. a6 Kg3 55. Ra3+ Kg2 56. Kb7 Rh8 57. a7 h2 58. Ra2+ Kg3 59. Ra1 Rh7+ 60. Kb6 Rh6+ 61. Kc5 Rh8 62. Rb1 Kg2 63. Rb8 Rxb8 64. axb8Q h1Q 65. Qa8+ Kh2 1/2-1/2

[Event "Montreal Juste pour jouer"]
[Site "Montreal"]
[Date "2012.10.06"]
[Round "2"]
[White "Ouellet, Maili Jade"]
[Black "Zhou, Jiehan"]
[Result "0-1"]
[WhiteElo "1351"]
[BlackElo "1811"]
[PlyCount "126"]
[EventDate "2012.10.05"]
[EventType "swiss"]
[EventRounds "7"]
[EventCountry "CAN"]
[SourceTitle "EXT 2022"]
[Source "ChessBase"]
[SourceDate "2021.10.06"]
[SourceVersion "1"]
[SourceVersionDate "2021.10.06"]
[SourceQuality "1"]

1. d4 Nf6 2. c4 e6 3. Nc3 d5 4. Bg5 Be7 5. e3 0-0 6. Nf3 h6 7. Bh4 c6 8. cxd5 cxd5 9. Bd3 b6 10. 0-0 Ba6 11. Rc1 Bxd3 12. Qxd3 Nbd7 13. Ne5 Nxe5 14. dxe5 Nd7 15. Bg3 Bh4 16. e4 Bxg3 17. Qxg3 dxe4 18. Nxe4 f6 19. Qb3 Nxe5 20. Qxe6+ Nf7 21. Rfd1 Qe8 22. Qg4 Qe5 23. b3 f5 24. Qg6 Qxe4 25. Re1 Rac8 26. Rb1 Qc2 27. Ra1 Rfe8 28. Rf1 Ng5 29. Qd6 Red8 30. Qe7 Qc7 31. Qe3 f4 32. Qe2 f3 33. gxf3 Qf4 34. Kh1 Nxf3 35. Qe6+ Kh8 36. Qh3 Qe4 37. Qg2 Nd2 38. Rg1 Qxg2+ 39. Rxg2 Nf3 40. Rg3 Ng5 41. Rag1 Rd7 42. f3 Rc2 43. a3 Rdd2 44. R1g2 Rxg2 45. Rxg2 Rxg2 46. Kxg2 Kg8 47. Kf2 Kf7 48. Ke3 Kf6 49. h4 Ne6 50. f4 Kf5 51. Kd3 Kxf4 52. Kc4 g5 53. hxg5 hxg5 54. Kb5 g4 55. Ka6 g3 56. Kxa7 g2 57. Kxb6 g1Q+ 58. Kb5 Qc5+ 59. Ka4 Qa7+ 60. Kb4 Ke4 61. Kb5 Kd4 62. b4 Kd5 63. a4 Nc7# 0-1